| 000 | 00550cam a2200205 4500 | ||
|---|---|---|---|
| 001 | 3655141 | ||
| 005 | 20180308075024.0 | ||
| 008 | 720504s1972 maua 001 0 eng | ||
| 010 | _a 76178250 | ||
| 020 | _a039513742X (v. 1) | ||
| 040 |
_aDLC _cDLC _dDLC |
||
| 041 | _aeng | ||
| 080 | _a372.73045 DOL | ||
| 082 | 0 | 0 | _a372.73045 DOL |
| 100 | _a25 | ||
| 101 | _aEDU | ||
| 245 | 0 | 0 |
_aModern school mathematics: structure and method _c[by] Mary P. Dolciani [and others] |
| 906 |
_a7 _bcbc _corignew _d2 _encip _f19 _gy-gencatlg |
||
| 942 |
_2ddc _cBK |
||
| 999 |
_c44478 _d44478 |
||